000
00324 a2200109 4500
001
ART_30625
005
20260410162003.0
008
260409a
245
1
0
_a
Consecuencias de la reforma previsional
100
1
_a
Dieulefait, Enrique
773
0
_t
Foro económico
_g
- Año III, Nº 5 (dic. 1997)
_w
REV30369
999
_c
31426
_d
31426